La Ruptura de la Cámara de Compensación Centroamericana: origen, desarrollo y perspectivas en el contexto del conflicto regional (versión resumida) /
Enregistré dans:
| Auteur principal: | |
|---|---|
| Format: | Texte |
| Sujets: | |
| Tags: |
Ajouter un tag
Pas de tags, Soyez le premier à ajouter un tag!
|
MARC
| LEADER | 00000 a a2200000 04500 | ||
|---|---|---|---|
| 001 | 16140 | ||
| 003 | |||
| 040 | |||
| 100 | |a López, José Roberto | ||
| 245 | |a La Ruptura de la Cámara de Compensación Centroamericana: |b origen, desarrollo y perspectivas en el contexto del conflicto regional (versión resumida) / |c José Roberto López | ||
| 650 | |a ORGANIZACIONES INTERGUBERNAMENTALES | ||
| 650 | |a MCCA | ||
| 650 | |a CONFLICTOS | ||
| 650 | |a CRISIS | ||
| 650 | |a ANALISIS HISTORICO | ||
| 650 | |a ESTABILIZACION ECONOMICA | ||
| 650 | |a COMERCIO INTERNACIONAL | ||
| 650 | |a LIBRE COMERCIO | ||
| 773 | |g número 48; páginas 149-184 | ||
| 999 | |c 39436 |d 39436 | ||
